Bilecik Bilecik Bilecik Bilecik Bilecik

Türkiye'de kredi kanalıyla parasal aktarım mekanizmasının işleyişi/ (Record no. 64578)

MARC details
000 -BAŞLIK
Sabit Uzunluktaki Kontrol Alanı 01177nam a22003017a 4500
001 - KONTROL NUMARASI
Control Dosyası T0000027
003 - KONTROL NUMARASI KİMLİĞİ
Kontrol Alanı KOHA_MİRAKIL
005 - EN SON İŞLEM TARİHİ ve ZAMANI
Kontrol Alanı 20260207004504.0
007 - FİZİKSEL TANIM SABİT ALAN - GENEL BİLGİ
Sabit uzunluklu kontrol alanı ta
008 - SABİT UZUNLUKTAKİ VERİ ÖGELERİ - GENEL BİLGİ
Sabit Alan 190403b2012 xx |||grm|||#0|||0|tur |
040 ## - KATALOGLAMA KAYNAĞI
Özgün Kataloglama Kurumu TR-BiSEU
Kataloglama Dili tur
Çeviri Kurumu TR-BiSEU
Açıklama Kuralları rda
041 0# - DİL KODU
Metin ya da ses kaydının dil kodu tur
050 00 - SINIFLAMA ve YER NUMARASI
Sınıflama Numarası Tez
Yer Numarası 27
100 1# - KİŞİ ADI
Yazar Adı (Kişi adı) Çakır, Zeynep.
245 1# - ESER ADI BİLDİRİMİ
Başlık Türkiye'de kredi kanalıyla parasal aktarım mekanizmasının işleyişi/
Sorumluluk Bildirimi Zeynep Çakır ; Zeynep Çakır; danışman Aykut Ekici.
264 #1 - ÜRERİM, YAYIN, DAĞITIM ve TELİF BİLDİRİMİ
Yayın yeri Bilecik :
Yayınlayan Bilecik Üniversitesi
Yayın tarihi 2012
300 ## - FİZİKSEL TANIMLAMA
Sayfa, Cilt vb. X, 136 sayfa; 30 cm.+ 1 CD-ROM
336 ## - İÇERİK TÜRÜ
Content type term metin
Content type code txt
Source rdacontent
337 ## - MEDYA TÜRÜ
Media type term aracısız
Media type code n
Source rdamedia
338 ## - TAŞIYICI TÜRÜ
Carrier type term cilt
Carrier type code nc
Source rdacarrier
500 ## - GENEL NOT
Genel Not Kaynakça var.
500 ## - GENEL NOT
Genel Not İngilizce Eser Adı: The functioning of the monetary transmission mechanism via credit channel: the Turkish model
502 ## - TEZ NOTU
Tez Notu Tez (Yüksek Lisans) -- Bilecik Üniversitesi Sosyal Bilimler Enstitüsü İktisat Anabilim Dalı, Bilecik, .
650 #0 - KONU BAŞLIĞI EK GİRİŞ - KONU TERİMİ
Konusal terim veya coğrafi ad Parasal aktarım mekanizması--Türkiye
9 (RLIN) 118867
650 #0 - KONU BAŞLIĞI EK GİRİŞ - KONU TERİMİ
Konusal terim veya coğrafi ad Banka kredi kanalı--Bilanço kanalı--Türkiye.
9 (RLIN) 118868
856 40 - ELEKTRONİK YER ve ERİŞİM
Kaynak Tanımlayıcı (URL) <a href="http://acikkaynak.bilecik.edu.tr/xmlui/handle/11552/102">http://acikkaynak.bilecik.edu.tr/xmlui/handle/11552/102</a>
907 ## - LOCAL DATA ELEMENT G, LDG (RLIN)
a Yüksek Lisans
942 ## - EK GİRİŞ ÖGELERİ (KOHA)
Source of classification or shelving scheme Library of Congress Classification
Koha item type Thesis
Holdings
Materyal Türü Kalıcı Konum Mevcut Konum Raf Yeri Sınıflandırma Kaynağı Edinim Bilgisi Yer Numarası Demirbaş Numarası Fatura Tarihi Geri Çekilme Durumu Kayıp Durumu Hasarlı Durumu Kredi için değil Kayıt Tarih Toplam Ödünçverme Son Görülme Tarihi Son Kontrol Tarihi
Thesis Prof. Dr. Azmi Özcan Kütüphanesi Prof. Dr. Azmi Özcan Kütüphanesi Depo Library of Congress Classification Bağış Tez/27 T0000027 02/02/2026         03/04/2019   14/01/2025 14/01/2025